000 01668nam a2200373 a 4500
001 ebr10643076
003 CaPaEBR
006 m u
007 cr cn|||||||||
008 121213s2013 inua s 001 0 eng d
010 _z 2012955762
020 _z9781118508800 (pbk. : alk. paper)
020 _z1118508807 (pbk. : alk. paper)
020 _z9781118550069 (e-book)
040 _aCaPaEBR
_cCaPaEBR
035 _a(OCoLC)840882663
050 1 4 _aQA76.774.I67
_bG65 2013eb
100 1 _aGoldstein, Neal.
245 1 0 _aiOS 6 application development for dummies
_h[electronic resource] /
_cby Neal Goldstein and Dave Wilson.
260 _aIndianapolis, Ind. :
_bJohn Wiley & Sons, Inc.,
_c2013.
300 _axvi, 559 p. :
_bill.
500 _aIncludes index.
505 0 _apt. I. Getting started -- pt. II. Building road trip -- pt. III. Getting your feet wet-- basic functionality -- pt. IV. The model and application software -- pt. V. Adding the application content -- pt. VI. The part of tens.
533 _aElectronic reproduction.
_bPalo Alto, Calif. :
_cebrary,
_d2013.
_nAvailable via World Wide Web.
_nAccess may be limited to ebrary affiliated libraries.
630 0 0 _aiOS (Electronic resource)
650 0 _aApplication software
_xDevelopment.
650 0 _aiPhone (Smartphone)
_xProgramming.
650 0 _aiPad (Computer)
_xProgramming.
650 0 _aiPod touch (Digital music player)
_xProgramming.
655 7 _aElectronic books.
_2local
700 1 _aWilson, Dave.
710 2 _aebrary, Inc.
856 4 0 _uhttp://site.ebrary.com/lib/rucke/Doc?id=10643076
_zAn electronic book accessible through the World Wide Web; click to view
999 _c44430
_d44430